| 000 -ლიდერი |
| ფიქსირებული სიგრძის საკონტროლო ველი |
01523nam a22001937a 4500 |
| 003 - საკონტროლო ნომრის იდენტიფიკატორი |
| საკონტროლო ველი |
Ge_BSU |
| 005 - ბოლო ოპერაციის თარიღი და დრო |
| საკონტროლო ველი |
20200129111947.0 |
| 008 - ფიქსირებული სიგრძის მონაცემთა ელემენტები - ზოგადი ინფორმაცია |
| ფიქსირებული სიგრძის საკონტროლო ველი |
200129s2016 ||||| |||| 00| 0 geo d |
| 041 ## - ენის კოდი |
| Language code of text/sound track or separate title |
geo |
| 080 ## - უნივერსალური ათობითი კლასიფიკაციის ინდექსი |
| Universal Decimal Classification number |
322(479.22)+342.731(479.22)+316.647.5(479.22)+35.07(479.22) ს-39 |
| 245 ## - ცნობა სათაურის შესახებ |
| Title |
სეკულარიზმი და რელიგიური ნეიტრალიტეტი საჯარო სამსახურში : |
| Remainder of title |
პრაქტიკული სახელმძღვანელო საჯარო მოხელეთათვის / |
| Statement of responsibility, etc |
ავტორთა ჯგუფი : ზაზა ვაშაყმაძე ; ლევან აბაშიძე ; ზაზა ფირალიშვილი [და სხვ.] მთ. რედ. ზაზა ვაშაყმაძე. |
| 264 ## - წარმოების, გამოცემის, დისტრიბუციის და სხვა ცნობები |
| გამოცემის, წარმოების, დისტრიბუციის... ადგილი |
თბილისი : |
| გამოცემის, წარმოების, დისტრიბუციის... სახელწოდება |
რელიგიის საკითხთა სახელმწ. სააგენტო, |
| გამოცემის, წარმოების, დისტრიბუციის... თარიღი |
2016. |
| 300 ## - ფიზიკური აღწერა |
| Extent |
75 გვ. ; |
| Dimensions |
24 სმ. |
| 653 ## - INDEX TERM--UNCONTROLLED |
| Uncontrolled term |
სახელმწიფოსა და ეკლესიის ურთიერთობა პოლიტიკა რელიგიისა და ეკლესიის მიმართებაში |
| 700 ## - ADDED ENTRY--PERSONAL NAME |
| Personal name |
აბაშიძე, ლევან |
| 9 (RLIN) |
1268 |
| 700 ## - ADDED ENTRY--PERSONAL NAME |
| Personal name |
ფირალიშვილი, ზაზა |
| 9 (RLIN) |
5791 |
| 700 ## - ADDED ENTRY--PERSONAL NAME |
| Personal name |
ვაშაყმაძე, ზაზა |
| Relator term |
მთავარი რედაქტორი |
| 9 (RLIN) |
58 |
| 942 ## - ADDED ENTRY ELEMENTS (KOHA) |
| Source of classification or shelving scheme |
|
| Koha item type |
წიგნი |